000 01075nam a2200265 i 4500
001 61189
003 ES-MaACL
005 20250809031657.0
007 t|
008 031111s1907 sp ||||1| spa d
080 _a347.7(460)
100 1 _aEstasén y Cortada, Pedro.
_948023
245 1 0 _aTratado de las sociedades mercantiles y demás entidades de carácter comercial según el derecho español /
_cpor Pedro Estasén.
260 _aMadrid :
_bHijos de Reus,
_c1907 (
_fImp. de la Revista de Legislación.)
300 _a613 p. ;
_c23 cm.
490 1 _aBiblioteca jurídica de autores españoles y extranjeros
530 _aDisponible en formato digital.
650 4 _aSociedades-
_zEspaña.
_9150724
650 0 4 _aDerecho mercantil-
_zEspaña
_911735
830 1 _aBiblioteca jurídica de autores españoles y extranjeros
_9182228
852 _aES-MaACL
_jF-14591
_cSPP2
_zRevisado enlace: 21 de julio de 2025
856 4 _uhttp://bdh-rd.bne.es/viewer.vm?id=0000242866&page=1
_yBiblioteca Digital Hispánica
942 _2udc
999 _c61189
_d61189